000 00542nam a2200181Ia 4500
999 _c32003
_d32003
003 OSt
005 20200728125802.0
008 190216s9999||||xx |||||||||||||| ||und||
020 _a9780070589148
040 _coclc
082 _a515.076
_bMEN/S
100 _aMendelson, Elliott
_93825
245 0 _a 3000 Solved Problems in Calculus /
_cElliott Mendelson
260 _bTata Mcgrawhill Publishers,
_aNew Delhi:
_c2004.
300 _a455p
650 _aMathematics
942 _cBK
_2ddc
_h515.076
_iMEN/S
_k515.076
_mMEN/S